00925nam a22002775a 450000500170000000800410001701000140005802000270007203500130009903700130011204000080012508200140013310000300014724500500017725000060022726000410023327000550027430000270032949000390035650000190039565000190041465000230043394200280045699900170048495201460050120080522115808.0080520s2008 nyu 000 0 eng  aENG-95808 a9788173200779c1500.00 aEN-79341 bDBAD/PUB aDPL a793.31954 aJyotishi, Chetana d1961- aNayika Bheda in kathak /cby Chetana Jyotishi a. aNew DelhibAgam Kala Prakashanc2009 a34, Central Market, Ashok ViharbNew Delhie110052 axvi, 236p.b24cm, (Hb) a Abhinava grantha mala;v2 puṣpa aIncludes index aKathak (Dance) aHeroines in dance. 2ddccENmJYOh793.31954 c33569d33569 00102ddc40718NFICaDBADbDBADd2010-01-01eDBAD/PUBg1500.00l0o793.31954 JYOpEN-79341r2010-01-09 00:00:00t1v1500.00w2010-01-09yEN